00147 a2200073 450000100060000010000180000624500300002426000190005411967 aMenon, K.P.S. aThe league of Arab states abNew jorseyc